000 00323nam a22001337a 4500
008 181012b xxu||||| |||| 00| 0 eng d
020 _a0930390709
041 _aeng
080 _a316
100 _a50
101 _aSOC
245 _aSociological Theory from the Englightment tothe Present
_cLarson, C.J
942 _2udc
_cBK
999 _c49609
_d49609